000 00461nam a2200181Ia 4500
005 20230104095537.0
008 131103s9999 xx 000 0 und d
040 _aLoreto College
041 _aEnglish
082 _a822.09
_bSYM
100 _aSymons, Arthur
245 _aStudies in the Elizabethan drama
_cBy Arthur Symons
260 _aLondon
_bWilliam Heinemann
_c1919
300 _a261p.
650 _aEnglish drama
850 _aLCLIB
942 _cBK
999 _c22607
_d73086